EXPERIMENTAL STUDIES WITH CHIKUNGUNYA VIRUS IN AEDES AEGYPTI AND AEDES ALBOPICTUS

Bibliographic Details
Main Authors: Singh, K. B. P. (Author), Pavri, K. M. (Author)
Format: Article
Language:Slovak
English

MARC

LEADER 00000nab a2200000ua 4500
001 vtls010769890
003 SK-MaSNL
005 20260304201958.0
008 250718s1967 xo |||||||||||||||||slo|
035 |a (urnnbn)urn:nbn:sk:snk:ar-a02axw 
035 |a (uuid)1a606578-bada-48ae-a405-720561750f3c 
035 |a urn:nbn:sk:snk-ab4jiv 
040 |a SNKBUCL  |b slo  |c SNKBUCL  |e AACR2 
041 0 |a eng 
044 |a xo  |c SK 
100 1 |a Singh, K. B. P.  |4 aut  |9 1533808 
245 1 0 |a EXPERIMENTAL STUDIES WITH CHIKUNGUNYA VIRUS IN AEDES AEGYPTI AND AEDES ALBOPICTUS  |c K. B. P. Singh, K. M. Pavri 
700 1 |a Pavri, K. M.  |4 aut  |9 1533809 
773 0 |t Acta virologica  |g Roč. 11, č. 6 (1967), s. 517-526 
850 |a Slovenská národná knižnica 
852 |a Slovenská národná knižnica 
958 |a article3 
958 |a OND 
958 |a EUIPO 
999 |c 3099786  |d 3101716